[Event "Berlin Neukoelln op 7th"]
[Site "Berlin"]
[Date "2001.05.18"]
[Round "2"]
[White "Voorhoeve, Hermann"]
[Black "Jaeger, Andre"]
[Result "0-1"]
[WhiteElo "1701"]
[BlackElo "2084"]
[PlyCount "110"]
[EventDate "2001.05.11"]
[EventType "swiss"]
[EventRounds "7"]
[EventCountry "GER"]
[SourceTitle "EXT 2022"]
[Source "ChessBase"]
[SourceDate "2021.10.06"]
[SourceVersion "1"]
[SourceVersionDate "2021.10.06"]
[SourceQuality "1"]

1. c4 Nf6 2. d4 d6 3. Nc3 Nbd7 4. e4 e5 5. Bg5 Be7 6. dxe5 dxe5 7. Qc2 c6 8. Rd1 Qc7 9. Nf3 0-0 10. Be2 h6 11. Bh4 a5 12. 0-0 g5 13. Bg3 Nh5 14. Bxe5 Nxe5 15. Nxe5 Qxe5 16. Bxh5 g4 17. Bxg4 Bxg4 18. f3 Be6 19. b3 Rad8 20. f4 Qc5+ 21. Kh1 Rxd1 22. Qxd1 Rd8 23. Qf3 f5 24. Qh5 Bf7 25. Qxh6 Qe3 26. Qh3 Qxh3 27. gxh3 fxe4 28. Nxe4 b5 29. Ng5 Bxg5 30. fxg5 bxc4 31. bxc4 Bxc4 32. Rc1 Bxa2 33. Ra1 Rd2 34. Kg1 a4 35. h4 Rb2 36. Re1 Rb1 37. Kf2 Rxe1 38. Kxe1 Bf7 39. Kd2 Kg7 40. Kc2 Kg6 41. Kb2 Kh5 42. Ka3 Kxh4 43. Kxa4 Kxg5 44. Kb4 Kh4 45. Kc5 Bd5 46. Kd4 Kh3 47. Ke5 Kxh2 48. Kf4 Kg2 49. Ke3 c5 50. Ke2 c4 51. Ke3 Kf1 52. Kd2 Kf2 53. Kc2 Ke2 54. Kc3 Kd1 55. Kb2 Kd2 0-1

[Event "Berlin-ch Seniors op 17th"]
[Site "Berlin"]
[Date "2001.03.01"]
[Round "4"]
[White "Voorhoeve, Hermann"]
[Black "Augustat, Siegfried"]
[Result "1/2-1/2"]
[WhiteElo "1682"]
[BlackElo "1856"]
[PlyCount "82"]
[EventDate "2001.02.??"]
[EventType "swiss"]
[EventRounds "9"]
[EventCountry "GER"]
[SourceTitle "EXT 2006"]
[Source "ChessBase"]
[SourceDate "2005.11.24"]
[SourceVersion "1"]
[SourceVersionDate "2005.11.24"]
[SourceQuality "1"]

1. c4 g6 2. d4 Bg7 3. e4 Nc6 4. d5 Nd4 5. f4 d6 6. Nf3 Bg4 7. Be2 Bxf3 8. Bxf3 f5 9. exf5 Nxf5 10. Qa4+ Qd7 11. Qxd7+ Kxd7 12. 0-0 Ngh6 13. Nc3 Rhe8 14. g4 Nd4 15. Bd1 c6 16. f5 gxf5 17. Bxh6 Bxh6 18. gxf5 Rg8+ 19. Kh1 Raf8 20. h3 Kd8 21. Bg4 Nc2 22. Rab1 Ne3 23. Rg1 Nxc4 24. dxc6 bxc6 25. Ne4 Ne3 26. b4 Nxf5 27. b5 c5 28. b6 axb6 29. Rxb6 Ne3 30. Rgb1 Nxg4 31. hxg4 Rxg4 32. Nxc5 Rh4+ 33. Kg2 dxc5 34. Rxh6 Rxh6 35. Rb8+ Kd7 36. Rxf8 Rf6 37. Rh8 h6 38. a4 c4 39. Rb8 c3 40. Rb1 c2 41. Rc1 Rc6 1/2-1/2

[Event "Berlin-ch Seniors op 17th"]
[Site "Berlin"]
[Date "2001.02.15"]
[Round "2"]
[White "Voorhoeve, Hermann"]
[Black "Shapiro, Yosip"]
[Result "0-1"]
[WhiteElo "1682"]
[BlackElo "2025"]
[PlyCount "28"]
[EventDate "2001.02.??"]
[EventType "swiss"]
[EventRounds "9"]
[EventCountry "GER"]
[SourceTitle "EXT 2006"]
[Source "ChessBase"]
[SourceDate "2005.11.24"]
[SourceVersion "1"]
[SourceVersionDate "2005.11.24"]
[SourceQuality "1"]

1. c4 c5 2. f4 Nf6 3. Nc3 d5 4. cxd5 Nxd5 5. Nf3 Nc6 6. d3 f5 7. Qb3 e6 8. e4 Ndb4 9. Qd1 Nd4 10. Nxd4 cxd4 11. Ne2 fxe4 12. dxe4 d3 13. Rb1 Bc5 14. Nc3 Nc2+ 0-1

[Event "Berlin-ch Seniors op 17th"]
[Site "Berlin"]
[Date "2001.01.10"]
[Round "1"]
[White "Sendel, Werner"]
[Black "Voorhoeve, Hermann"]
[Result "0-1"]
[WhiteElo "1382"]
[BlackElo "1682"]
[PlyCount "58"]
[EventDate "2001.02.??"]
[EventType "swiss"]
[EventRounds "9"]
[EventCountry "GER"]
[SourceTitle "EXT 2006"]
[Source "ChessBase"]
[SourceDate "2005.11.24"]
[SourceVersion "1"]
[SourceVersionDate "2005.11.24"]
[SourceQuality "1"]

1. d4 g6 2. Nf3 Bg7 3. e3 e6 4. c4 c6 5. Nc3 d5 6. Bd3 Ne7 7. 0-0 0-0 8. Re1 Nd7 9. b3 c5 10. Rb1 cxd4 11. exd4 dxc4 12. Bxc4 Nb6 13. Bf1 Nf5 14. Ne2 Nd5 15. Bd2 b6 16. Nc3 Bb7 17. Nxd5 Bxd5 18. Be3 Bxf3 19. gxf3 Bxd4 20. f4 Qf6 21. Qg4 Bxe3 22. fxe3 Qc3 23. Qe2 Rfd8 24. Qf3 Rac8 25. Bc4 Nd6 26. Rec1 Qf6 27. Ba6 Rxc1+ 28. Rxc1 Qb2 29. Qe2 Qxc1+ 0-1